LIBRARY & INFORMATION CENTRE, KCAET, TAVANUR

ONLINE PUBLIC ACCESS CATALOGUE (OPAC)

Errosion its causes and cure: a survey of soil conservation / (Record no. 9488)

MARC details
000 -LEADER
fixed length control field 00508cam a2200181ua 4500
041 ## - LANGUAGE CODE
Language code of text/sound track or separate title eng
082 ## - DEWEY DECIMAL CLASSIFICATION NUMBER
Classification number 631.45
Item number GLO/ER
100 ## - MAIN ENTRY--AUTHOR NAME
Personal name Glover, Harold .
245 ## - TITLE STATEMENT
Title Errosion its causes and cure: a survey of soil conservation /
250 ## - EDITION STATEMENT
Edition statement 1 /
260 ## - PUBLICATION, DISTRIBUTION, ETC. (IMPRINT)
Place of publication New Delhi :
Name of publisher International Books & Periodicals Supply Service ,
Year of publication 1985.
300 ## - PHYSICAL DESCRIPTION
Number of Pages 140 ; .
942 ## - ADDED ENTRY ELEMENTS (KOHA)
Koha item type Books
Holdings
Withdrawn status Lost status Damaged status Home library Current library Date acquired Full call number Accession Number Koha item type
      KAUAET KAUAET 07/04/2012 631.45 20375 Books
free website counter